00509cam a22001217a 4500008004000000082001400040245014200054260003200196300001100228650003000239650002600269700009200295180718b1996 xxu||||| |||| 00| 0 eng d aJ7x54 Ur1 aUrban and regional planning and development in Indiacby Town and Country Planning Organisation, Ministry of Urban Affairs and Employment aNew DelhibThe authorc1996 a347+p. aRegional planning - India aCity planning - India aIndia. Ministry of Urban Affairs and Employment. Town and Country Planning Organisation